| 000 | 00820nam a22002411u 4500 | ||
|---|---|---|---|
| 001 | 05775 | ||
| 003 | HDC | ||
| 007 | cr bn --- | ||
| 008 | 210121p2015 |o d 00 engg | ||
| 040 | _aHDC | ||
| 245 | 0 |
_aCosmetics & Toiletries Market Overviews 2015 / _cCompiled by U.S. Commercial Service Hong Kong |
|
| 260 |
_a[No Place] : _b[publisher not identified], _c2015 |
||
| 300 | _a108 pages | ||
| 336 |
_atext _2rdacontent |
||
| 337 |
_acomputer _2rdamedia |
||
| 338 |
_aonline resource _2rdacarrier |
||
| 650 |
_acosmetic market _9487 |
||
| 650 |
_aimport market _96101 |
||
| 856 | _zRequest full-text at [email protected] | ||
| 942 | _2lcc | ||
| 942 | _cEIS | ||
| 942 | _kREPT 000198 | ||
| 999 |
_c3099 _d3099 |
||